Music Quiz

Random Music or Song Quiz

Song Title Endings Quiz Stats

 Plays Quiz Updated Jun 26, 2018

Challenge
Share
Tweet
Embed
Score 0/40 Timer 04:00
16 Plays Today
% Correct
Heaven
95.9%
Take
95.7%
You
95.6%
Alabama
95.3%
Me
94.6%
Jean
93.7%
Rock
92.8%
Worth
92.1%
Girl
92%
Road
91.8%
World
91.7%
Stone
91.5%
Water
91.5%
Hand
91.2%
Way
91.2%
Wild
91.1%
Grapevine
90.5%
Jack
90.4%
Spirit
90.1%
Man
89.4%
% Correct
Sun
89%
Line
88.6%
Wall
86.7%
Deep
86.3%
Fire
85.6%
Goode
85.5%
Black
84.7%
Clock
84.1%
Jungle
84%
Easy
82.9%
Army
73.2%
Day
72.5%
Devil
71.7%
Freak
71.3%
Louie
66.5%
Watchtower
65.4%
Sunshine
61.6%
Birds
61.5%
Love
60.7%
Son
56.7%

You're not logged in!

Compare scores with friends on all Sporcle quizzes.
OR
Log In

You Might Also Like...

Show Comments

Extras

Top Quizzes Today


Score Distribution

Your Account Isn't Verified!

In order to create a playlist on Sporcle, you need to verify the email address you used during registration. Go to your Sporcle Settings to finish the process.

Report this User

Report this user for behavior that violates our Community Guidelines.

Details: